002420000a2200073000450024500610000004100140006110000320007577300610010710aAportes a la flora de Colombia estudios en compuestas, V0 aEspañol1 aDíaz Piedrahita, Santiago1 tMutisia: Acta Botánica Colombiana3893h61q1-11d1985